Statistiken für 02: Subtraktion bis 10

Klicken Sie hier um das Quiz zu spielen!

Allgemein

  • Dieses Quiz wurde 1.963 mal gespielt
  • Das Durchschnittsergebnis liegt bei 20 aus 20

Antwortstatistiken

ProblemSolution% Korrekt
0-00
100%
1-10
100%
8-80
100%
2-20
100%
2-11
100%
7-61
100%
10-91
100%
6-42
100%
10-82
100%
4-22
100%
7-43
100%
8-44
100%
10-55
100%
7-07
100%
8-17
100%
9-09
100%
3-30
99%
6-60
99%
7-70
99%
10-100
99%
9-81
99%
4-31
99%
3-21
99%
3-12
99%
8-62
99%
9-72
99%
5-32
99%
7-52
99%
6-33
99%
8-53
99%
4-13
99%
10-64
99%
6-24
99%
4-04
99%
6-15
99%
8-35
99%
5-05
99%
10-46
99%
10-37
99%
8-08
99%
9-18
99%
5-50
98%
1-01
98%
9-63
98%
7-34
98%
9-54
98%
9-36
98%
8-26
98%
4-40
97%
8-71
97%
6-51
97%
10-010
97%
2-02
97%
3-03
97%
5-23
97%
10-73
97%
5-14
97%
7-25
97%
9-45
97%
7-16
97%
9-27
97%
9-90
96%
5-41
96%
6-06
96%
10-28
96%
10-19
96%

Verteilung der Resultate

Perzentil nach korrekt beantworteten Fragen

Anzahl Personen mit jedem Resultat

Ihre Resultats-Entwicklung

Sie haben dieses Quiz noch nicht gespielt